| 000 | 00620nam a22002053u 4500 | ||
|---|---|---|---|
| 001 | a987689956+[2] | ||
| 003 | RU-10907106 | ||
| 005 | 20220914121615.0 | ||
| 008 | 180713s2017 gw |||| 000u rus d | ||
| 020 |
_a9785852094155 _9978-5-85209-415-5 |
||
| 035 | _aa987689956 | ||
| 040 |
_cRU-10907106 _aRU-10907106 _bger |
||
| 041 | _arus | ||
| 245 | 0 | 0 | _aEkaterina i Potemkin : podlinnaja ich perepiska, 1782-1791 |
| 264 |
_aMoskva, _c2017 |
||
| 300 | _aSeiten 281-517 | ||
| 700 | 1 |
_aLobaškova, Tat'jana Anatol'evna _eHerausgeberIn _93158 |
|
| 773 | 0 |
_wa987689956 _q[2] _aZapiski Michaila Garnovskogo |
|
| 942 |
_cMG _2z |
||
| 999 |
_c50219 _d50219 |
||